A Study Of Merger And Acquistions With Special Reference To Bank Of Borada (Record no. 78085)

MARC details
000 -LEADER
fixed length control field 00464nam a2200145Ia 4500
008 - FIXED-LENGTH DATA ELEMENTS--GENERAL INFORMATION
fixed length control field 221007s9999 xx 000 0 und d
041 ## - LANGUAGE CODE
Language code of text/sound track or separate title eng
082 ## - DEWEY DECIMAL CLASSIFICATION NUMBER
Item number VAN
100 ## - MAIN ENTRY--PERSONAL NAME
Personal name Vanshika Bharani - 2k171006 & Dr. Sonali Parchure - Guide
9 (RLIN) 104964
245 #2 - TITLE STATEMENT
Title A Study Of Merger And Acquistions With Special Reference To Bank Of Borada
260 ## - PUBLICATION, DISTRIBUTION, ETC. (IMPRINT)
Date of publication, distribution, etc. 2018
Name of publisher, distributor, etc. Savitribai Phule Pune University
Place of publication, distribution, etc. Pune
300 ## - PHYSICAL DESCRIPTION
Extent 44p
Dimensions Hard Bound
440 ## - SERIES STATEMENT/ADDED ENTRY--TITLE
Volume/sequential designation 1
906 ## - LOCAL DATA ELEMENT F, LDF (RLIN)
b Reference Books
Holdings
Withdrawn status Lost status Damaged status Not for loan Home library Current library Date acquired Vendor Total Checkouts Full call number Barcode Date last seen Bill Date Koha item type Original Barcode
        Smt. Hiraben Nanavati Institute of Management & Research for Women Smt. Hiraben Nanavati Institute of Management & Research for Women 17/05/2019 HNIMR   VAN HIMR-DR0042 07/10/2022 07/10/2022 Dissertation DR0042